000 00255nam a2200097Ia 4500
005 20251222114412.0
008 251222s1900||||xx |||||||||||||| ||spa||
082 _aDVD0070/C74/2007
245 0 _aSin lugar para los débiles:No country for old men
942 _cDVD
999 _c2068
_d2068